Spell the Marvel Character #165 - Statistics

General Stats
  • This quiz has been taken 11 times
  • The average score is 11 of 12
Answer Stats
Picture Answer % Correct
Adam Warlock
100%
America Chavez
100%
Angel
100%
Ant-Man
100%
Cosmo
100%
Darkhawk
100%
Lockjaw
100%
Okoye
100%
Red She-Hulk
100%
Kid Colt
90%
Martinex
70%
Wiz-Kid
50%
No matching quizzes found
Score Distribution
Percent of People with Each Score
Percentile by Number Answered
Your Score History
You have not taken this quiz